000 00784nmc a2200277 a 4500
003 AR-BaBNM
005 20251128211828.0
008 036120s2005 ||||||||||||||000 | spa||
020 _a987-98701-6-6
040 _cAR-BaBNM
100 1 _aSidicaro, Ricardo
245 1 0 _aLos tres peronismos
_bestado y poder económico : 1946-1955 / 1973-1976 / 1989-1999
250 _a1ª ed.
260 _aBuenos Aires
_bSiglo XXI Editores
_c2005
300 0 _a262 p.
490 0 _aSociología y política
504 _aContiene referencias bibliográficas
600 1 4 _aPerón, Juan Domingo
650 4 _aPOLITICA ARGENTINA
650 4 _aHISTORIA POLITICA ARGENTINA
650 4 _aESTADO Y SOCIEDAD
651 4 _aArgentina
653 0 _aPERONISMO
942 _cBK
998 _cNancy
999 _c21290
_d21290